01571nam a2200397Ia 4500001001200000003000800012006001900020007001500039008004100054010001700095020004500112020004200157024001800199040002100217035002100238050002500259245009900284260005000383300003300433490002500466500004800491500002500539504004100564533015200605610002500757650001600782650004900798650004200847650003300889655002900922700001900951710003100970710002901001710001701030856012601047ebr10152625CaPaEBRm u cr cn|||||||||060802s2006 cauab sb 000 0 eng d z 2006025205 z9780833039323 (v. 2 : pbk. : alk. paper) z0833039326 (v. 2 : pbk. : alk. paper)3 z9780833039323 aCaPaEBRcCaPaEBR a(OCoLC)56796668514aHV6431b.B493 2006eb04aThe outer rings of the terrorist universeh[electronic resource] /cAngel Rabasa ... [et al.]. aSanta Monica, CA :bRand Corporation,cc2006. axxxvi, 178 p. :bill., maps.0 aBeyond al-Qaeda ;v2 a"Prepared for the United States Air Force." a"Project Air Force." aIncludes bibliographical references. aElectronic reproduction.bPalo Alto, Calif. :cebrary,d2011.nAvailable via World Wide Web.nAccess may be limited to ebrary affiliated libraries.20aQaida (Organization) 0aTerrorists. 0aTerrorismxGovernment policyzUnited States. 0aTerrorismzUnited StatesxPrevention. 0aWar on Terrorism, 2001-2009. 7aElectronic books.2local1 aRabasa, Angel.1 aUnited States.bAir Force.2 aProject Air Force (U.S.)2 aebrary, Inc.40uhttp://site.ebrary.com/lib/rucke/Doc?id=10152625zAn electronic book accessible through the World Wide Web; click to view